Biblioteca

Mentiras que las mujeres creen y la verdad que las hace libres. (Registro nro. 69014)

Detalles MARC
000 -LÍDER
Campo fijo de descripción fija 01058nam a2200301 4500
001 - NÚMERO DE CONTROL
Campo de control 768714001
003 - IDENTIFICADOR DEL NÚMERO DE CONTROL
Campo de control CO-MdFUSB
005 - FECHA Y HORA DE LA ULTIMA TRANSACCIÓN
control field 20250519110624.0
008 - ELEMENTOS DE LONGITUD FIJA -- INFORMACIÓN GENERAL
Campo fijo de descripción fija -- Información general 230920t20012004miua||ag |||| 00| 0dspa d
020 ## - NÚMERO INTERNACIONAL NORMALIZADO PARA LIBROS
Número Internacional Normalizado del libro 0825411602
040 ## - FUENTE DE CATALOGACIÓN
Agencia de catalogación original CO-MdFUSB
Idioma de catalogación spa
Agencia que realiza la transcripción CO-MdFUSB
Agencia que realiza la modificación CO-MdFUSBC
Convenciones de la descripción rda
041 ## - CÓDIGO DE IDIOMA
Código de idioma para texto/pista de sonido o título separado spa
082 ## - NÚMERO DE CLASIFICACIÓN DECIMAL DEWEY
Número de la edición del Dewey 23
Número de clasificación 253.082
Clave de autor-Numero de item D387
100 ## - ASIENTO PRINCIPAL--NOMBRE PERSONAL
Nombre personal Demoss, Nancy Leigh,
Término relacionador autor
245 1# - TÍTULO
Título del Material Mentiras que las mujeres creen y la verdad que las hace libres.
Mención de responsabilidad, etc. / DeMoss Nancy Leigh ; traducido por Nohra Bernal
264 #1 - PRODUCCIÓN, PUBLICACIÓN, DISTRIBUCIÓN, MANUFACTURA, Y COPYRIGHT
Lugar de producción, publicación, distribución, manufactura Michigan, Estados Unidos :
Nombre del productor, publicador, distribuidor Portavoz,
Fecha de producción, publicación, distribución, manufactura, o copyright [2004]
264 #4 - PRODUCCIÓN, PUBLICACIÓN, DISTRIBUCIÓN, MANUFACTURA, Y COPYRIGHT
Fecha de producción, publicación, distribución, manufactura, o copyright ©2004
300 ## - DESCRIPCIÓN FÍSICA
Extensión 253 páginas
Dimensiones ; 23 cm.
336 ## - TIPO DE CONTENIDO
Fuente rdacontent
Término de tipo de contenido texto
Código de tipo de contenido txt
337 ## - TIPO DE MEDIO
Fuente rdamedia
Nombre del tipo de medio sin mediación
Código del tipo de medio n
338 ## - TIPO DE SOPORTE
Fuente rdacarrier
Nombre del tipo de soporte volumen
Código Tipo de soporte nc
504 ## - NOTA DE BIBLIOGRAFÍA, ETC.
Nota de bibliografía, etc Incluye nota de agradecimientos -- preámbulo -- introducción.
505 ## - NOTA DE CONTENIDO
Nota de contenido con formato preestablecido Parte I: Fundamentos -- Parte II: Mentiras que las mujeres creen --Parte III: Caminar en la vida.
563 ## - NOTA DE ENCUADERNACIÓN
Nota de encuadernación Rústico.
700 ## - ASIENTO SECUNDARIO - NOMBRE PERSONAL
Nombre personal Bernal, Nohra,
Responsabilidad traductor
9 (RLIN) 8449
942 ## - TIPO DE MATERIAL (KOHA)
Tipo de Item KOHA Libros General
945 ## - INFORMACIÓN LOCAL DEL REGISTRO
Catalogador so1564
Existencias
Estado de Material Estado de Perdido Forma de Clasificación Estado de Dañado No para Préstamo Colección Biblioteca de Origen Biblioteca Permanente Fecha de Adquisición Área Total de Préstamos Signatura Topográfica Código de Barras Última vez visto Ejemplar/Existencia Fecha de Remplazo Tipo de Material
    Dewey Decimal Classification     Colección General Biblioteca FUSBC Biblioteca FUSBC 20/09/2023 TEOLOGÍA CRISTIANA   G 253.082 D387m 3466 19/05/2025 Ej. 1 20/09/2023 Libros General

Biblioteca FUSBC | Teléfono: (57+4) 349 88 10 Ext. 141| WhatsApp (+57) 3005338115 
E-mail: biblioteca@unisbc.edu.co | Calle 76 87-14 Robledo Palenque, Medellín, Colombia

Con tecnología Koha